Pohľady na ekonomiku Slovenska 2024 – PES 2024

Gespeichert in:
Bibliographische Detailangaben
1. Verfasser: Stankovičová, Iveta
Format: Buchkapitel
Sprache:Slowakisch
Schlagworte:
Tags: Tag hinzufügen
Keine Tags, Fügen Sie das erste Tag hinzu!

MARC

LEADER 00000naa a2200000 4500
001 0303164
005 20240724104814.9
041 0 |a slo 
044 |a SK 
245 1 0 |a Pohľady na ekonomiku Slovenska 2024 – PES 2024  |c Iveta Stankovičová 
610 2 0 |a výkonnosť ekonomiky 
610 2 0 |a konferencie 
610 2 0 |a Slovensko 
100 1 |a Stankovičová, Iveta